000 00631nam a22002417a 4500
001 48298
003 UA-OsUOA
005 20220912093618.0
007 ta
008 20070903b un ||||| |||| 00| 0 ukr d
040 _aUA-OsUOA
_bukr
_cUA-OsUOA
_dUA-OsUOA
041 _aukr
080 _a82.09
090 _a82.09
_bЗ-66
100 _aЗінчук С.
245 _aЕкран пам'яті
260 _aК.
_c2004
300 _a261 с.
650 7 _a82 Література. Літературознавство
_2UDC
942 _cBK
_2udc
955 _a2
999 _c334395
_d334395